000 02172cam a22005534i 4500
003 PE-LiUPU
005 20250731173051.0
008 140711s2015 gau rb 001 0 eng
020 _a1628370203
_q(hardcover binding ;
_qalk. paper)
020 _a9781628370201
_q(hardcover binding ;
_qalk. paper)
035 _a(Sirsi) i9781628370201
035 _a(OCoLC)883836354
_z(OCoLC)883366415
040 _aDLC
_beng
_erda
_cDLC
_dYDXCP
_dBTCTA
_dOCLCF
_dGGB
_dCDX
_dZCU
_dRCT
_dLNT
_dOCLCQ
_dKPS
_dCHVBK
_dOCLCO
_dOCLCA
_dDHA
_dPE-LiUPU
041 1 _aeng
_aheb
_hheb
049 _aPRUA
050 0 0 _aBS1465.53
_b.F69 2015
082 0 4 _a223.7077
_bF79
_223
100 1 _aFox, Michael V.,
_d1940-,
_eautor.
245 1 0 _aProverbs :
_ban eclectic edition with introduction and textual commentary /
_cMichael V. Fox.
264 1 _aAtlanta :
_bSBL Press,
_c2015.
300 _axxii, 431, 42 páginas ;
_c24 centímetros.
336 _atext
_2rdacontent
337 _aunmediated
_2rdamedia
338 _avolume
_2rdacarrier
490 1 _aThe Hebrew Bible: a critical edition ;
_vNumber1
504 _aBibliografía : páginas 401-415.
504 _aÍndice : páginas 417-431.
505 0 _aIs text criticism possible? -- The hebrew texts -- The versions -- Policies and procedures -- Textual commentary with critical text -- Bibliography.
526 _aSEG42
526 _aSEG41
526 _aSEG40
526 _aSEG39
526 _aP94
526 _aP87
526 _aP86
526 _aP85
526 _aP77
526 _aP76
526 _aP35
650 0 _aBiblia. Proverbios - Comentarios.
650 0 _aBible. Proverbs--Commentaries.
910 _adbm
_bncf
_cncf
_d20180108
942 _2ddc
_cBOOK
949 _a223.7077 F79
_wDEWEY
_c1
_i77826
_lCATALOGING
_mBUL
_p52.50
_r0
_sY
_tBOOK
_u2018-01-08
_xPOSGRADO
_PP85
_0COMPRA
_o.STAFF. Colección Teología.
994 _aC0
_bPEPRU
596 _a1
999 _a223.7077 F79
_wDEWEY
_c26601
_i77826
_f2021-11-9
_g4
_lCCODEBUL1
_mBUL
_p52.50
_r0
_sY
_tBOOK
_u2018-1-8
_xTEOLOGIA
_PP85
_0DONACION
_o.STAFF. Colección Teología.
_d26601
980 _81
_gALBERTO SANCHEZ Responsable de Automatización